Top 50 club de foot avec le plus de saisons en Ligue 1 - Statistiques

Statistiques générales
  • Ce quiz a été pris 174 fois
  • Le résultat moyen est 10 sur 50
Statistiques - réponses
Saisons Club % Correct
51 Paris Saint-Germain
93%
74 Olympique de Marseille
92%
65 Olympique Lyonnais
88%
69 AS Saint-Etienne
59%
65 AS Monaco
47%
56 FC Nantes
47%
62 RC Lens
43%
67 Stade Rennais
42%
69 Girondins de Bordeaux
41%
65 OGC Nice
41%
33 AJ Auxerre
35%
64 FC Metz
32%
34 Toulouse FC
29%
39 Stade de Reims
26%
63 RC Strasbourg
24%
66 FC Sochaux-Montbéliard
22%
42 Montpellier HSC
22%
17 FC Lorient
19%
34 SC Bastia
16%
30 AS Nancy-Lorraine
13%
31 Angers SCO
12%
14 AC Ajaccio
11%
36 Nîmes Olympique
11%
18 SM Caen
11%
19 Toulouse FC (1937-1967)
11%
64 LOSC Lille
9%
25 Le Havre AC
8%
13 EA Guingamp
7%
11 ESTAC Troyes
7%
19 Stade Brestois 29
7%
33 Valenciennes FC
6%
22 AS Cannes
5%
6 Le Mans FC
5%
19 FC Rouen
3%
16 Red Star FC
3%
12 SC Toulon
3%
6 Dijon FCO
2%
7 Olympique Lillois
2%
13 Stade Lavallois
2%
23 CS Sedan Ardennes
1%
6 FC Mulhouse
1%
15 FC Nancy
1%
16 SC Sète
1%
15 Stade Français
1%
8 Troyes AF
1%
10 CO Roubaix-Tourcoing
0%
7 Excelsior AC
0%
7 FC Antibes
0%
30 Racing CCF
0%
7 SC Fives
0%
Aucun quiz correspondant
Distribution des résultats
% des personnes avec chaque résultat
Percentile par nombre de réponses
Votre historique - résultats
Vous n’avez pas pris ce quiz